000 01635cam a22004694i 4500
003 PE-LiUPU
005 20250731173034.0
008 150623s r 000 0 d
020 _a1565631811
035 _a(Sirsi) i9781565631816
040 _aPE-LiUPU
_bspa
_cPE-LiUPU
_erda
049 _aPRUA
082 0 4 _a226.4066
_bA73
_221
100 1 _aArlandson, James Malcolm,
_eautor.
245 1 0 _aWomen, class, and society in early christianity: models from Luke-Acts /
_cJames Malcom Arlandson.
264 1 _aPeabody, Massachusetts :
_bHendrickson Publishers,
_c1997.
300 _a238 páginas ;
_c23 centímetros
336 _atext
_2rdacontent
337 _aunmediated
_2rdamedia
338 _avolume
_2rdacarrier
504 _aIncluye bibliografía.
505 0 _aWomen and class in the roman empire. -Women and class in Luke-Acts. -The fall of men and the rise of women.
526 _aSEG42
526 _aSEG41
526 _aSEG40
526 _aSEG39
526 _aP94
526 _aP87
526 _aP86
526 _aP85
526 _aP77
526 _aP76
526 _aP35
630 _aBiblia.
_pN.T.
_pHechos
_xComentarios.
630 _aBiblia.
_pN.T.
_pLucas
_xComentarios.
942 _2ddc
_cBOOK
949 _a226.4066 A73
_wDEWEY
_c1
_i48031
_lCCODEBUL1
_mBUL
_r0
_sY
_tBOOK
_u2015-6-24
_xTEOLOGIA
_PP35
_0COMPRA
_o.STAFF. Colección General
994 _aC0
_bPEPRU
596 _a1
999 _a226.4066 A73
_wDEWEY
_c25593
_i48031
_f2021-11-9
_g5
_lCCODEBUL1
_mBUL
_r0
_sY
_tBOOK
_u2015-6-24
_xTEOLOGIA
_PP35
_0COMPRA
_o.STAFF. Colección General
_d25593
980 _81
_gALBERTO SANCHEZ Responsable de Automatización